| 000 | 00535nam a2200157 a 4500 | ||
|---|---|---|---|
| 001 | 000028009 | ||
| 005 | 20200930031256.0 | ||
| 008 | 110406s2004 dr 000 0 spa d | ||
| 040 |
_aDO-SdBNP _bspa _cBNPHU |
||
| 082 |
_axxxx _bE24f |
||
| 245 | 0 | 0 |
_aEducación física : _bgimnasia natural austriaca. |
| 260 |
_aSanto Domingo : _bSecretaría de Estado de Deportes, Educación Física y Recreación (SEDEFIR), Centro de Documentación, _c[199?]. |
||
| 300 |
_a28 p. : _b22 cm. |
||
| 500 | _aTítulo tomado de la cubierta | ||
| 049 | _aBNPD | ||
| 999 |
_c27501 _d27501 |
||